21 truyện ngắn Thu Huệ

Gardado en:
Detalles Bibliográficos
Autor Principal: NGUYỄN THỊ THU HUỆ
Formato: Libro
Idioma:Undetermined
Publicado: Hà Nội Hội Nhà Văn 2001
Những chủ đề:
Các nhãn: Engadir etiqueta
Sen Etiquetas, Sexa o primeiro en etiquetar este rexistro!
Thư viện lưu trữ: Trung tâm Học liệu Trường Đại học Cần Thơ
LEADER 00501nam a2200169Ia 4500
001 CTU_45656
008 210402s9999 xx 000 0 und d
082 |a 895.922301 
082 |b H507 
100 |a NGUYỄN THỊ THU HUỆ 
245 0 |a 21 truyện ngắn Thu Huệ 
245 0 |c Nguyễn Thị Thu Huệ 
260 |a Hà Nội 
260 |b Hội Nhà Văn 
260 |c 2001 
650 |a short stories, vietnamese 
980 |a Trung tâm Học liệu Trường Đại học Cần Thơ